00468nam a22001457a 4500003000500000005001700005008004100022020001800063050002400081100002100105245011200126260003400238300003400272700001600306PILC20151026154232.0140114b xxu||||| |||| 00| 0 eng d a9781906345723 aLB 1078b.H453 2012 aHedges, Laurence aApproaches to learning :ba practical guide /cLaurence Hedges, Lance King, Graham Maclure and Laura Swash  aUnited Kingdom :bIBO,c2012. a226 p. :bill. col. ;c28 cm. aKing, Lance